00713nam a22001815i 4500001000700000003000900007005001700016008004100033040001400074100003400088245007000122250013400192260006200326300002500388650002300413650004000436852005500476154281ES-MaACL20250804062749.0940202s1779 it |||| | lat d aCYL bspa1 aGenovesi, Antonio,d1713-176910aAntonii Genuensis... Elementorum artis logico-criticae librí V. aEditio novissima ad pastrema neapolitanam ab auctore novis curis recognitam, denuo emendatam et plus tertia parte amplificatam... aBassani sed prostant Venetiis : bapud Remondini, c1779. aXVI, 352 p. ; c8º.07aFilosofía2embne 4aLógica-vObras anteriores a 1800. aES-MaACLjR-893 z-- Enc. perg. x Olim: G-1262